The computer modelling of mathematical reasoning
Αποθηκεύτηκε σε:
| Κύριος συγγραφέας: | |
|---|---|
| Μορφή: | Βιβλίο |
| Γλώσσα: | English |
| Δημοσίευση: |
London : New York :
Academic Press,
1983
|
| Θέματα: | |
| Ετικέτες: |
Προσθήκη ετικέτας
Δεν υπάρχουν, Καταχωρήστε ετικέτα πρώτοι!
|
MARC
| LEADER | 00000nam a2200000 i 4500 | ||
|---|---|---|---|
| 001 | 1/59971 | ||
| 008 | 941103s1983 eng d | ||
| 020 | |a 0121412520 | ||
| 020 | |a 0121412504 | ||
| 035 | |l 10046169 | ||
| 040 | |a GR-MY-UA |b gre |e aacr | ||
| 041 | 0 | |a eng | |
| 082 | 0 | |a 511.3 |2 (19) | |
| 100 | 1 | |a Bundy, Alan. | |
| 245 | 1 | 4 | |a The computer modelling of mathematical reasoning / |c Alan Bundy |
| 260 | |a London : |a New York : |b Academic Press, |c 1983 | ||
| 300 | |a xiv, 322 p.; |b ill.; |c 23 cm | ||
| 500 | |a Includes index | ||
| 504 | |a Bibliography: p. 312-317 | ||
| 650 | 0 | 0 | |a Mathematics |x Data processing. |
| 650 | 0 | 0 | |a Logic, Symbolic and mathematical. |
| 650 | 0 | 0 | |a Automatic theorem proving. |
| 852 | |a INST |b SAMOS |e 19941103 |h 511.3 BUN |p 005300002133 |q 005300002133 |t BK |y 0 | ||
| 909 | |a Σ |b 009318 | ||